Normal view MARC view

Entry Términos de género/forma

Number of records used in: 2

001 - NÚMERO DE CONTROL

  • campo de control: 236648

003 - IDENTIFICADOR DE NÚMERO DE CONTROL

  • campo de control: ES-MaACL

005 - FECHA Y HORA DE LA ÚLTIMA TRANSACCIÓN

  • campo de control: 20250903094532.0

008 - ELEMENTOS DE DATO DE LONGITUD-FIJA

  • campo de control de longitud fija: 190621 n anznnbabn a ana

024 7# - IDENTIFICADOR DE OTROS ESTÁNDARES

  • Número estándar o código: http://id.loc.gov/authorities/genreForms/gf2017027228
  • Fuente: lcgft

035 ## - NÚMERO DE CONTROL DEL SISTEMA

  • Número de control de sistema: (SpMaBN)XX5890274

040 ## - FUENTE DE CATALOGACIÓN

  • Centro catalogador/agencia de origen: SpMaBN
  • Centro/agencia transcriptor: ES-MaACL

155 ## - ENCABEZAMIENTO--TÉRMINO DE GÉNERO/FORMA

  • Término de género/forma: Catálogos de archivos

455 ## - TRAZADO DE VÉASE--TÉRMINO GÉNERO/FORMA

  • Término de género/forma: Catálogos de colecciones de archivo

455 ## - TRAZADO DE VÉASE--TÉRMINO GÉNERO/FORMA

  • Término de género/forma: Catálogos de documentos de archivo

670 ## - FUENTE DE DATOS ENCONTRADOS

  • Cita de la fuente: Work cat.: (ES-MaACL)195004: Arranz Notario, Luis aut 236645, Catálogo del Archivo Eduardo Dato en la Real Academia de la Historia